000 00513nam a2200181Ia 4500
005 20250326142840.0
008 250326s9999 xx 000 0 und d
037 _aTextbook
040 _aFMSL
_beng
_cFMSL
041 _aeng
_2eng
084 _aX:5.1 M4
_qFMSL
100 _aCherunilam F
_9737324
245 0 _aInternational trade and export management
_cCherunilam F; `
260 _aNew Delhi
_bNew Delhi, Himalaya
_c1984
300 _a471p
942 _cTB
_hX:5.1 M4
999 _c1296926
_d1296926